|
|
|
|
| LEADER |
00659cam a2200217 a 4500 |
| 001 |
0000116782 |
| 005 |
20091123090000.0 |
| 040 |
|
|
|a mod
|
| 041 |
|
|
|a eng
|
| 020 |
0 |
0 |
|a 9780415429474
|
| 090 |
0 |
0 |
|a 327.1201
|b INT
|e 2008
|
| 245 |
0 |
0 |
|a Intelligence theory
|b key questions and debates
|c edited by Peter Gill, Stephen Marrin and Mark Phythian
|
| 260 |
0 |
0 |
|a New York
|b Routledge
|c 2008
|
| 300 |
0 |
0 |
|a xii, 235 p.
|c 24 cm
|
| 650 |
0 |
0 |
|a Intelligence service
|
| 650 |
0 |
0 |
|a National security
|
| 700 |
1 |
1 |
|a Gill
|h Peter
|
| 700 |
1 |
1 |
|a Phythian
|h Mark
|
| 700 |
1 |
1 |
|a Marrin
|h Stephen
|
| 852 |
0 |
0 |
|a 01
|
| 999 |
|
|
|a 0280954
|b KEMENTAH
|d BOOKS
|e Umum
|f Perpustakaan KEMENTAH
|j CIRCULATED
|q GOOD CONDITION
|